<?xml version="1.0" encoding="UTF-8"?>
<collection xmlns="http://www.loc.gov/MARC21/slim">
 <record>
  <leader>01639pamaa2200229   4500</leader>
  <controlfield tag="001">0000043521</controlfield>
  <controlfield tag="005">20091102090000.0</controlfield>
  <controlfield tag="008">080415                             eng  </controlfield>
  <datafield tag="020" ind1="0" ind2="0">
   <subfield code="a">9780273695196 (pbk) </subfield>
  </datafield>
  <datafield tag="090" ind1="0" ind2="0">
   <subfield code="a">HF5415.15 </subfield>
   <subfield code="b">SLA 2008</subfield>
  </datafield>
  <datafield tag="100" ind1="1" ind2="0">
   <subfield code="a">Slack </subfield>
  </datafield>
  <datafield tag="245" ind1="1" ind2="0">
   <subfield code="a">Operations strategy  </subfield>
   <subfield code="c">Nigel Slack, Michael Lewis.</subfield>
  </datafield>
  <datafield tag="250" ind1="0" ind2="0">
   <subfield code="a">2nd ed.</subfield>
  </datafield>
  <datafield tag="260" ind1="0" ind2="0">
   <subfield code="a">Harlow, England: </subfield>
   <subfield code="b">Prentice Hall, </subfield>
   <subfield code="c">2008.</subfield>
  </datafield>
  <datafield tag="300" ind1=" " ind2=" ">
   <subfield code="a">xxiv, 470p.: </subfield>
   <subfield code="b">col.ill.; </subfield>
   <subfield code="c">25cm.</subfield>
  </datafield>
  <datafield tag="500" ind1="0" ind2="0">
   <subfield code="a">Includes 1 CD-ROM titled &quot;ABC news videos for business ethics by Nigel Slack, Michael Lewis&quot;</subfield>
  </datafield>
  <datafield tag="504" ind1="0" ind2="0">
   <subfield code="a">Includes bibliographical references and index</subfield>
  </datafield>
  <datafield tag="505" ind1="0" ind2="0">
   <subfield code="a">Machine generated contents note: FOREWORD PREFACE ACKNOWLEDGMENTS PART I: THE NATURE OF OPERATIONS STRATEGY Chapter 1 Operations Strategy- The Two Perspectives Chapter 2 he Content and Process of Operations Strategy Chapter 3 Time, Trade-Offs, and Targeting PART II: THE CONTENT OF OPERATIONS STRATEGY Chapter 4 Configuring Operations Strategy Chapter 5 Capacity Dynamics Chapter 6 Supply Network Relationships Chapter 7 Supply Network Behavior Chapter 8 Process Technology-Definition and Characteristics Chapter 9 Process Technology-Choice and Implementation Chapter 10 Operations Organization and Role Chapter 11 Operations Development and Improvement Chapter 12 Product and Service Development and Organization PART II: THE PROCESS OF OPERATIONS STRATEGY Chapter 13 Operations Strategy and &quot;Fit&quot; Chapter 14 Operations Strategy and Sustainability Chapter 15 Operations Strategy and Risk INDEX</subfield>
  </datafield>
  <datafield tag="650" ind1="0" ind2="0">
   <subfield code="a">Production management </subfield>
  </datafield>
  <datafield tag="700" ind1="1" ind2="1">
   <subfield code="a">Lewis, </subfield>
   <subfield code="h">Michael </subfield>
  </datafield>
  <datafield tag="901" ind1=" " ind2=" ">
   <subfield code="u">http://www.pearsoned.co.uk</subfield>
  </datafield>
 </record>
</collection>
